000 00445pab a2200181 454500
008 180718b1996 xxu||||| |||| 00| 0 eng d
100 _aPandey, R.K.
245 _aSupply prospects of foodgrains production in India
260 _c1996
300 _ap.24-26
362 _aOct
650 _aFarm produce - India
650 _aAgriculture - India
650 _aFood security
700 _aShanti Sarup
773 _aYojana
909 _a32381
999 _c32381
_d32381